[Event "Let's Play Chess!"]
[Site "http://www.queenalice.com/game.php?id=32943"]
[Date "2005.10.13"]
[Round "-"]
[White "hangman"]
[Black "pedrinhoIII"]
[Result "1-0"]
[WhiteElo "1328"]
[BlackElo "1684"]

1. e4 e5 2. Nf3 Nc6 3. c4 d6 4. d4 exd4 5. Nxd4 Nxd4 6. Qxd4 Qf6 7. Qd3 Nh6 8.
f3 b6 9. Nc3 c6 10. b3 d5 11. Bd2 dxe4 12. fxe4 Bc5 13. Qf3 Qxf3 14. gxf3 O-O
15. Na4 Bd4 16. Bc3 Bxc3+ 17. Nxc3 Re8 18. O-O-O a5 19. Rd6 Bb7 20. Rd7 Bc8 21.
Rc7 c5 22. Nd5 Be6 23. Nxb6 Ra6 24. Na4 Rc8 25. Rxc8+ Bxc8 26. Nxc5 Rd6 27. h4
f5 28. Bh3 g6 29. Re1 Rc6 30. Nd3 a4 31. Nb4 Rc5 32. Nd5 Be6 33. Rd1 Kf7 34. Kc2
fxe4 35. Bxe6+ Kxe6 36. Re1 Kd6 37. Rxe4 Nf5 38. Kc3 Ng3 39. Re8 Nf5 40. Re4
axb3 41. axb3 Ra5 42. Kb2 Ng3 43. Re1 Nf5 44. Rh1 h5 45. f4 Kc6 46. Rh3 Ra8 47.
Ne3 Nd6 48. Rg3 Re8 49. b4 Nf5 50. Nxf5 gxf5 51. Rg6+ Kb7 52. Rg5 Re4 53. Rxf5
Rxc4 54. Kb3 Re4 55. Kc3 Kb6 56. Kd3 Rxb4 57. Ke3 Rb3+ 58. Ke4 Kc6 59. Rxh5 Kd6
60. Rh6+ Ke7 61. Kf5 Kf7 62. Kg4 Kg7 63. Rc6 Rb5 64. f5 Rb4+ 65. Kg5 Kf7 66. h5
Kg7 67. h6+ Kh7 68. Rc7+ Kh8 69. f6 Rb5+ 70. Kg6 Rb8 71. Rh7+ Kg8 72. f7+ 1-0

[Event "Long live Rock'n'Roll"]
[Site "http://www.queenalice.com/game.php?id=36770"]
[Date "2005.11.7"]
[Round "-"]
[White "kathieD"]
[Black "hangman"]
[Result "0-1"]
[WhiteElo "810"]
[BlackElo "1244"]

1. c4 c5 2. Nc3 Nf6 3. b3 Nc6 4. e4 e5 5. Ba3 Qa5 6. Qc1 d6 7. Nb5 Qb6 8. Nxd6+
Kd7 9. Nxf7 Rg8 10. b4 cxb4 11. Bb2 Nd4 12. g3 Ke6 13. Ng5+ Kd7 14. Nf7 Ke7 15.
Nxe5 Qa5 16. Bxd4 Ng4 17. Nxg4 Bxg4 18. f3 Rd8 19. fxg4 Rxd4 20. Nf3 Rxe4+ 21.
Be2 Rxg4 22. c5 g6 23. Rg1 Bg7 24. h3 Re4 25. Qc2 Rxe2+ 26. Kxe2 Bxa1 27. Rxa1
Rc8 28. Qe4+ Kd7 29. Qxb7+ Rc7 30. Qd5+ Kc8 31. Rc1 Rd7 32. Qc6+ Qc7 33. Rc4
Qxc6 34. Ne5 Re7 35. d4 Qe4+ 36. Kd2 Rxe5 37. Rxb4 Qe1+ 38. Kd3 Qxb4 39. dxe5
Qxc5 40. e6 Qe7 41. Kc3 Qxe6 42. g4 Qe3+ 43. Kc4 Qxh3 44. Kc5 Qxg4 45. Kb5 Kb7
46. a3 a6+ 47. Ka5 Qc4 48. a4 Qc5# 0-1

[Event "Challenge"]
[Site "http://www.queenalice.com/game.php?id=37586"]
[Date "2005.11.12"]
[Round "-"]
[White "claudiofer"]
[Black "hangman"]
[Result "0-1"]
[WhiteElo "1702"]
[BlackElo "1260"]

1. e4 e5 2. Nf3 Nc6 3. c3 Nf6 4. b4 b5 5. Bxb5 a5 6. Bc4 axb4 7. d4 Na5 8. dxe5
Nxc4 9. exf6 Qxf6 10. Qd5 Nb6 11. Qd3 Ba6 12. Qc2 g6 13. Bb2 Nc4 14. Nfd2 Nxb2
15. Qxb2 h5 16. Nf3 c5 17. Qc2 Bc4 18. Nfd2 d5 19. exd5 Bxd5 20. O-O Be7 21. c4
Qxa1 22. cxd5 Qxa2 23. Qe4 Kf8 24. Qe5 f6 25. Qe6 Qa6 26. Re1 Qxe6 27. Rxe6 Kf7
28. Rc6 Rhd8 29. h3 Rxd5 30. Kh2 Ra1 31. g4 Rd3 32. gxh5 gxh5 33. Rc8 Bf8 34.
Kg2 Bh6 35. Rc7+ Kg6 36. Ne4 Rxb1 37. Rxc5 Re1 38. Ng3 Rxg3+ 39. Kxg3 b3 40. Rb5
Rb1 41. Kh4 Bg5+ 42. Kg3 h4+ 43. Kg4 f5+ 44. Rxf5 Rg1+ 45. Kf3 Kxf5 46. Ke2 b2
47. Kf3 b1=Q 0-1

[Event "Thin Lizzy"]
[Site "http://www.queenalice.com/game.php?id=39145"]
[Date "2005.11.22"]
[Round "-"]
[White "hangman"]
[Black "pattmenezes"]
[Result "1-0"]
[WhiteElo "1071"]
[BlackElo "894"]

1. e4 c5 2. c4 e5 3. Nf3 Nf6 4. Nc3 Nc6 5. d3 b6 6. g3 Ba6 7. h4 g6 8. a4 Bh6 9.
Bxh6 Bxc4 10. dxc4 Nh5 11. Bg5 Na5 12. Bxd8 Kxd8 13. Bh3 Nxc4 14. Qxd7# 1-0

[Event "Challenge"]
[Site "http://www.queenalice.com/game.php?id=48203"]
[Date "2006.1.16"]
[Round "-"]
[White "hangman"]
[Black "pattmenezes"]
[Result "1-0"]
[WhiteElo "1242"]
[BlackElo "881"]

1. d4 d5 2. c4 e5 3. dxe5 Be7 4. cxd5 Nh6 5. Nc3 O-O 6. g3 Qe8 7. h4 b5 8. b4 a6
9. d6 cxd6 10. exd6 Bxd6 11. Qxd6 Ra7 12. Qxb8 Nf5 13. Qxa7 Be6 14. Qxa6 Nd4 15.
Nxb5 g6 16. Nxd4 g5 17. hxg5 f6 18. Qxe6+ Qxe6 19. Nxe6 f5 20. Rh6 Kh8 21. g6
Rf6 22. g7+ Kg8 23. Rxf6 h6 24. Bxh6 Kh7 25. e3 f4 26. Ng5+ Kg8 27. Bc4# 1-0

[Event "Challenge"]
[Site "http://www.queenalice.com/game.php?id=71569"]
[Date "2006.5.25"]
[Round "-"]
[White "edsonholanda"]
[Black "hangman"]
[Result "1-0"]
[WhiteElo "1382"]
[BlackElo "1290"]

1. e4 e5 2. Nf3 Nc6 3. Bb5 Nd4 4. Nxd4 exd4 5. c3 c6 6. Bc4 dxc3 7. Nxc3 b5 8.
Bb3 b4 9. Na4 d5 10. exd5 cxd5 11. d4 Qe7+ 12. Be3 Nf6 13. O-O Ba6 14. Re1 Qd8
15. Bg5+ Be7 16. Bxf6 gxf6 17. Nc5 Bb5 18. Qh5 Bd7 19. Bxd5 Rc8 20. Qxf7# 1-0

[Event "Challenge"]
[Site "http://www.queenalice.com/game.php?id=74541"]
[Date "2006.6.5"]
[Round "-"]
[White "dtrainey"]
[Black "hangman"]
[Result "1-0"]
[WhiteElo "1446"]
[BlackElo "1358"]

1. e4 e5 2. g3 Nf6 3. Bg2 Nc6 4. Nc3 b6 5. a3 g6 6. d3 h5 7. Bg5 Be7 8. Nf3 Ba6
9. h4 d5 10. d4 Nxe4 11. Nxe4 dxe4 12. Nxe5 Nxe5 13. dxe5 Bxg5 14. hxg5 Qxg5 15.
Qd2 Qxe5 16. O-O-O Qe7 17. Qd5 Rd8 18. Qxe4 Qxe4 19. Bxe4 O-O 20. b3 Rxd1+ 21.
Rxd1 Re8 22. Bf3 Be2 23. Bxe2 Rxe2 24. f4 Rg2 25. Rd3 c5 26. a4 a6 27. Kb2 Kg7
28. Kc3 b5 29. a5 f5 30. Kb2 Rh2 31. Rd6 Rg2 32. Rxa6 Rxg3 33. Rc6 Re3 34. a6
Re7 35. Rb6 Kf7 36. Rb7 h4 37. Rxe7+ Kxe7 38. a7 h3 39. a8=Q h2 40. Qg2 c4 41.
b4 Kf6 42. Qxh2 g5 43. Qh6+ Kf7 44. Qxg5 Ke6 45. Qg6+ Kd7 46. Qxf5+ Kc6 47. Qc5+
Kd7 48. Qxb5+ Ke6 49. f5+ Kf6 50. Qd5 Kg5 51. Kc3 Kf6 52. Kd4 Kg5 53. Ke3 Kh4
54. f6 c3 55. Kf3 1-0

[Event "Rock and Roll rules!"]
[Site "http://www.queenalice.com/game.php?id=74673"]
[Date "2006.6.6"]
[Round "-"]
[White "hangman"]
[Black "dtrainey"]
[Result "1-0"]
[WhiteElo "1319"]
[BlackElo "1472"]

1. e4 e5 2. Nf3 Nc6 3. Nc3 a6 4. d4 Bb4 5. Bd2 exd4 6. Nd5 Nf6 7. Nxb4 Nxe4 8.
Qe2 Qf6 9. Qxe4+ Qe6 10. Qxe6+ fxe6 11. Nxc6 dxc6 12. g3 c5 13. c3 Bd7 14. cxd4
h6 15. Bf4 O-O 16. dxc5 c6 17. Ne5 Rad8 18. Ng6 Rf6 19. Bd3 a5 20. a4 h5 21. Bg5
Rf3 22. Bxd8 Rxd3 23. Bxa5 Rb3 24. Rd1 Be8 25. Nf4 Rxb2 26. O-O Kf7 27. Rb1 Ra2
28. Rxb7+ Kf6 29. Bd8+ Kf5 30. Re7 Rxa4 31. Rxe8 g5 32. Nxh5 Ra7 33. Re1 g4 34.
R1xe6 Ra6 35. Ng7# 1-0

[Event "AUTO-BEG-10"]
[Site "http://www.queenalice.com/game.php?id=85705"]
[Date "2006.7.14"]
[Round "2"]
[White "cafa83"]
[Black "hangman"]
[Result "1-0"]
[WhiteElo "1584"]
[BlackElo "1334"]

1. e4 e5 2. a3 Nf6 3. d3 Nc6 4. Bg5 b6 5. Nc3 h6 6. Bxf6 Qxf6 7. f3 Qh4+ 8. g3
Qf6 9. Nd5 Qd6 10. Bh3 Ne7 11. Nxe7 Bxe7 12. Ne2 Qf6 13. O-O g5 14. f4 gxf4 15.
gxf4 exf4 16. Rxf4 Qg5+ 17. Rg4 Qh5 18. Nf4 Qb5 19. b4 d6 20. Rg3 Bxh3 21. Rxh3
1-0

[Event "AUTO-BEG-10"]
[Site "http://www.queenalice.com/game.php?id=85706"]
[Date "2006.7.14"]
[Round "2"]
[White "hangman"]
[Black "cafa83"]
[Result "0-1"]
[WhiteElo "1341"]
[BlackElo "1577"]

1. e4 e5 2. Nf3 d6 3. d4 exd4 4. Qxd4 c5 5. Bb5+ Bd7 6. Qd3 a6 7. Bxd7+ Qxd7 8.
Bg5 Qe6 9. Qb3 h6 10. Qxb7 hxg5 11. Qxa8 Qc8 12. Nxg5 Rh4 13. Qa7 Nh6 14. f3 Nc6
15. Qb6 Nb4 16. Kd2 d5 17. c3 Be7 18. Nh3 dxe4 19. Na3 Qd7+ 20. Ke1 e3 21. cxb4
Qd2+ 0-1

[Event "AUTO-BEG-10"]
[Site "http://www.queenalice.com/game.php?id=85709"]
[Date "2006.7.14"]
[Round "2"]
[White "hangman"]
[Black "Tistou"]
[Result "1-0"]
[WhiteElo "1295"]
[BlackElo "1504"]

1. e4 c6 2. Nf3 d5 3. Nc3 Bg4 4. h3 Bh5 5. g4 Bg6 6. Bd3 e6 7. Ne5 Bd6 8. Nxg6
hxg6 9. exd5 exd5 10. Be2 Nf6 11. Bf3 Nbd7 12. Qe2+ Qe7 13. Qxe7+ Bxe7 14. d4
Bb4 15. Bd2 O-O-O 16. O-O-O 1-0

[Event "AUTO-BEG-10"]
[Site "http://www.queenalice.com/game.php?id=85710"]
[Date "2006.7.14"]
[Round "2"]
[White "Tistou"]
[Black "hangman"]
[Result "0-1"]
[WhiteElo "1531"]
[BlackElo "1268"]

1. e4 e5 2. Nf3 Nf6 3. Nxe5 d6 4. Nf3 Nxe4 5. d3 Nf6 6. Bg5 Qe7+ 7. Be2 h6 8.
Bh4 Nc6 9. O-O g5 10. Bg3 Nh5 11. d4 Nxg3 12. fxg3 Bg7 13. Re1 Be6 14. Bc4 Qf6
15. d5 Qxb2 16. dxc6 Qxa1 17. Bxe6 fxe6 0-1

[Event "Challenge"]
[Site "http://www.queenalice.com/game.php?id=91829"]
[Date "2006.8.2"]
[Round "-"]
[White "hangman"]
[Black "edsonholanda"]
[Result "0-1"]
[WhiteElo "1278"]
[BlackElo "1433"]

1. e4 e5 2. Nf3 Nc6 3. Bb5 a6 4. Ba4 Nf6 5. Bxc6 dxc6 6. Nxe5 Nxe4 7. Qf3 Qd5 8.
d3 Qa5+ 9. Nd2 Nxd2 10. Qe3 Nb3+ 11. Bd2 Qxd2+ 12. Qxd2 Nxd2 13. Kxd2 Bd6 14.
Nc4 Be6 15. Rae1 b5 16. Nxd6+ cxd6 17. Re4 O-O 18. Rhe1 d5 19. R4e2 c5 20. b3 c4
21. Rxe6 fxe6 22. Rxe6 Rae8 23. Rxa6 Rxf2+ 24. Kc3 Rxg2 25. a4 bxa4 26. Rxa4
Rxh2 27. bxc4 dxc4 28. Rxc4 h5 29. d4 Rh3+ 30. Kb4 h4 31. d5 Kf7 32. Rc7+ Kf6
33. Rc6+ Ke7 34. c4 Rb8+ 35. Kc5 Kd7 36. Rd6+ Kc7 37. Rc6+ Kb7 38. d6 Rd3 39.
Rc7+ Ka6 40. Kc6 Rb6+ 41. Kc5 Rdxd6 42. Rxg7 Rh6 43. Rc7 h3 44. Kd4 h2 45. c5
h1=Q 46. cxb6 Rxb6 47. Rc3 Qh8+ 48. Kd3 Rd6+ 49. Kc2 Qh2+ 50. Kb3 Qd2 51. Rc8
Rb6+ 52. Ka3 Qa5# 0-1

[Event "Challenge"]
[Site "http://www.queenalice.com/game.php?id=132179"]
[Date "2006.11.22"]
[Round "-"]
[White "hangman"]
[Black "edsonholanda"]
[Result "0-1"]
[WhiteElo "1367"]
[BlackElo "1499"]

1. d4 d5 2. Nc3 Nf6 3. Nf3 e6 4. e3 Bb4 5. Bb5+ c6 6. Bd3 O-O 7. O-O Bxc3 8.
bxc3 b5 9. Ba3 Re8 10. Re1 Nbd7 11. Ne5 Nxe5 12. dxe5 Nd7 13. e4 dxe4 14. Rxe4
Qg5 15. Qg4 Qxg4 16. Rxg4 g6 17. Be4 Nxe5 18. Rg5 Nc4 19. Bc5 Bb7 20. Bd3 Rad8
21. Bxa7 Nb2 22. Bb6 Rd5 23. Rxd5 cxd5 24. Rb1 Nxd3 25. cxd3 Ba6 26. h4 Rb8 27.
Be3 Rc8 28. Bd4 b4 29. cxb4 Bxd3 30. Rb3 Bc4 31. Rc3 f5 32. a3 Ba6 33. Rxc8+
Bxc8 0-1

[Event "Challenge"]
[Site "http://www.queenalice.com/game.php?id=133409"]
[Date "2006.11.25"]
[Round "-"]
[White "hangman"]
[Black "rafaelbdb"]
[Result "1-0"]
[WhiteElo "1346"]
[BlackElo "1464"]

1. e4 e5 2. Nf3 Nc6 3. Nc3 Nf6 4. d4 Bb4 5. dxe5 Nxe4 6. Nd2 Nxd2 7. Bxd2 O-O 8.
a3 Bxc3 9. Bxc3 Qe7 10. Qd5 d6 11. O-O-O Be6 12. Qb5 Rad8 13. Qxb7 Nxe5 14. f4
Nc4 15. Bxc4 Bxc4 16. Rhe1 Be2 17. Qxa7 Rfe8 18. Rd2 1-0